Gaming Quiz

Random Gaming or Nintendo Quiz

All Super Smash Bros. Characters Quiz Stats

 Plays Quiz not verified by Sporcle

Also try: Zelda Games
Challenge
Share
Tweet
Embed
Score 0/128 Timer 10:00
0 Plays Today
System Character % Correct
Nintendo 64Mario
95.2%
3DS/Wii UCaptain Falcon
95.2%
3DS/Wii ULuigi
94.7%
3DS/Wii UMario
94.5%
3DS/Wii UBowser
94.2%
3DS/Wii UFox
93.7%
3DS/Wii UDonkey Kong
93.5%
3DS/Wii ULink
92%
3DS/Wii UFalco
91.8%
3DS/Wii UJigglypuff
91.8%
WiiKirby
91.8%
3DS/Wii UKirby
91.3%
Nintendo 64Pikachu
91.2%
GamecubePikachu
91.2%
WiiPeach
90.6%
Nintendo 64Ness
90.6%
WiiNess
90.3%
Nintendo 64Captain Falcon
90.1%
WiiMario
90.1%
WiiPikachu
90.1%
3DS/Wii UPikachu
89.9%
Nintendo 64Luigi
89.8%
GamecubeSamus
89.8%
GamecubeCaptain Falcon
89.7%
3DS/Wii UNess
89.6%
GamecubePeach
89.6%
WiiBowser
89.5%
WiiCaptain Falcon
89.5%
3DS/Wii UGanondorf
89.4%
GamecubeBowser
89.2%
GamecubeLuigi
89.2%
3DS/Wii UDiddy Kong
89.2%
3DS/Wii UPeach
89.2%
3DS/Wii USamus
89.2%
WiiSamus
88.9%
GamecubeMario
88.9%
Nintendo 64Samus
88.6%
GamecubeDonkey Kong
88.6%
WiiFox
88.6%
Nintendo 64Fox
88.4%
Nintendo 64Yoshi
88.4%
GamecubeYoshi
88.4%
WiiDonkey Kong
88.3%
System Character % Correct
WiiLuigi
88.3%
WiiYoshi
88.1%
Nintendo 64Donkey Kong
87.8%
3DS/Wii UMarth
87.7%
3DS/Wii UDr. Mario
87.5%
3DS/Wii UYoshi
87.5%
Nintendo 64Link
87.4%
Nintendo 64Jigglypuff
87.2%
GamecubeZelda
87.1%
WiiZelda
87.1%
GamecubeFalco
87.1%
3DS/Wii UCharizard
87%
3DS/Wii UMewtwo
87%
WiiFalco
86.9%
GamecubeFox
86.7%
3DS/Wii UKing Dedede
86.7%
GamecubePichu
86.7%
WiiLink
86.4%
GamecubeJigglypuff
86.3%
GamecubeKirby
86.3%
WiiJigglypuff
86.3%
3DS/Wii UIke
86%
GamecubeGanondorf
85.7%
Nintendo 64Kirby
85.7%
GamecubeLink
85.7%
WiiSheik
85.6%
3DS/Wii UZelda
85.5%
WiiDiddy Kong
85.5%
GamecubeSheik
85.4%
GamecubeNess
84.9%
WiiGanondorf
84.7%
3DS/Wii USheik
84.3%
GamecubeRoy
84.2%
3DS/Wii ULucario
83.9%
3DS/Wii UMeta Knight
83.9%
WiiSolid Snake
83.8%
WiiSonic the Hedgehog
83.8%
WiiWario
83.8%
WiiMarth
83.8%
GamecubeMarth
83.8%
3DS/Wii UBowser Jr.
83.6%
WiiPit
83.5%
3DS/Wii UMr. Game and Watch
83.1%
System Character % Correct
WiiIke
82.9%
GamecubeMewtwo
82.9%
WiiWolf
82.8%
GamecubeDr. Mario
82.7%
3DS/Wii UPit
82.4%
3DS/Wii USonic
82.2%
WiiCharizard
82%
WiiToon Link
82%
GamecubeYoung Link
81.8%
3DS/Wii URob
81.7%
3DS/Wii UToon Link
81.7%
3DS/Wii UWario
81.7%
WiiPokemon Trainer
81.6%
WiiIce Climbers
81.5%
3DS/Wii UDark Pit
81.2%
WiiR.O.B.
81.1%
WiiZero Suit Samus
81%
GamecubeIce Climbers
80.9%
WiiKing Dedede
80.4%
WiiLucas
80.4%
WiiLucario
80.3%
WiiMr. Game and Watch
80.3%
WiiMeta Knight
80.3%
WiiOlimar
80.3%
3DS/Wii UMega Man
80%
3DS/Wii UOlimar & Pikmin
80%
GamecubeMr. Game and Watch
79.5%
3DS/Wii UZero Suit Samus
78.8%
3DS/Wii UGreninja
78.3%
3DS/Wii UDuck Hunt Duo
77.8%
3DS/Wii UPac-Man
77.6%
3DS/Wii ULittle Mac
76.4%
3DS/Wii ULucina
76.4%
WiiSquirtle
76.4%
WiiIvysaur
75.7%
3DS/Wii UMii Fighters: Brawler, Swordfighter, Gunner
74%
3DS/Wii UWii Fit Trainer
72.8%
3DS/Wii UPalutena
72.3%
3DS/Wii URobin
72%
3DS/Wii URosalina and Luma
71.8%
3DS/Wii UVillager
71.6%
3DS/Wii UShulk
69.6%

You're not logged in!

Compare scores with friends on all Sporcle quizzes.
Join for Free
OR
Log In

You Might Also Like...

Show Comments

Extras

Top Quizzes Today


Score Distribution

Your Account Isn't Verified!

In order to create a playlist on Sporcle, you need to verify the email address you used during registration. Go to your Sporcle Settings to finish the process.

Report this User

Report this user for behavior that violates our Community Guidelines.

Details: